Руководство по проектированию оснований и фундаментов на вечномерзлых грунтах

Détails bibliographiques
Collectivité auteur: НИИОСП им. Герсеванова Госстроя СССР
Langue:russe
Publié: Москва, Стройиздат, 1980
Sujets:
Format: Livre
KOHA link:https://koha.lib.tpu.ru/cgi-bin/koha/opac-detail.pl?biblionumber=135999

MARC

LEADER 00000nam0a2200000 4500
001 135999
005 20231101220605.0
035 |a (RuTPU)RU\TPU\book\147390 
090 |a 135999 
100 |a 20080417d1980 m y0rusy50 ca 
101 0 |a rus 
102 |a RU 
105 |a a z 000zy 
200 1 |a Руководство по проектированию оснований и фундаментов на вечномерзлых грунтах  |f НИИОСП им. Герсеванова Госстроя СССР 
210 |a Москва  |c Стройиздат  |d 1980 
215 |a 303 с.  |c ил. 
610 1 |a строительство 
610 1 |a основания 
610 1 |a фундаменты 
610 1 |a проектирование 
610 1 |a вечномерзлые грунты 
675 |a 624.15  |v 3 
712 0 2 |a НИИОСП им. Герсеванова Госстроя СССР  |2 stltpush  |3 (RuTPU)RU\TPU\col\13042  |9 25584 
801 1 |a RU  |b 63413507  |c 20080417  |g PSBO 
801 2 |a RU  |b 63413507  |c 20090120  |g PSBO 
942 |c BK